<?xml version="1.0" encoding="UTF-8"?><?xml-stylesheet type="text/xsl" href="static/style.xsl"?><OAI-PMH xmlns="http://www.openarchives.org/OAI/2.0/" xmlns:xsi="http://www.w3.org/2001/XMLSchema-instance" xsi:schemaLocation="http://www.openarchives.org/OAI/2.0/ http://www.openarchives.org/OAI/2.0/OAI-PMH.xsd"><responseDate>2026-06-05T14:21:09Z</responseDate><request verb="GetRecord" identifier="oai:riuma.uma.es:10630/34912" metadataPrefix="marc">https://riuma.uma.es/rest/oai/request</request><GetRecord><record><header><identifier>oai:riuma.uma.es:10630/34912</identifier><datestamp>2026-02-03T11:11:27Z</datestamp><setSpec>com_10630_2254</setSpec><setSpec>col_10630_37953</setSpec></header><metadata><record xmlns="http://www.loc.gov/MARC21/slim" xmlns:dcterms="http://purl.org/dc/terms/" xmlns:doc="http://www.lyncode.com/xoai" xmlns:xsi="http://www.w3.org/2001/XMLSchema-instance" xsi:schemaLocation="http://www.loc.gov/MARC21/slim http://www.loc.gov/standards/marcxml/schema/MARC21slim.xsd">
   <leader>00925njm 22002777a 4500</leader>
   <datafield ind2=" " ind1=" " tag="042">
      <subfield code="a">dc</subfield>
   </datafield>
   <datafield ind2=" " ind1=" " tag="720">
      <subfield code="a">Moreno Parra, Jesús Javier</subfield>
      <subfield code="e">author</subfield>
   </datafield>
   <datafield ind2=" " ind1=" " tag="720">
      <subfield code="a">González Alba, Blas</subfield>
      <subfield code="e">author</subfield>
   </datafield>
   <datafield ind2=" " ind1=" " tag="720">
      <subfield code="a">Rivas-Flores, José Ignacio</subfield>
      <subfield code="e">author</subfield>
   </datafield>
   <datafield ind2=" " ind1=" " tag="260">
      <subfield code="c">2024-10-20</subfield>
   </datafield>
   <datafield ind2=" " ind1=" " tag="520">
      <subfield code="a">La diversidad humana es un fenómeno que ha crecido y sigue creciendo exponencialmente en las aulas españolas desde el último cuarto del siglo pasado. Cada una de las leyes educativas que se han ido sucediendo han abordado de alguna forma la atención a la diversidad, desde la segregación, la integración o la inclusión. Este trabajo de investigación, desde la perspectiva biográfico-narrativa, presenta el relato de un orientador con reconocido prestigio y amplia experiencia, para recorrer junto a él el devenir sociohistórico de la respuesta a la diversidad desde los años 80 a la actualidad. Un relato que, en parte, es escuela viva y que permite conocer y analizar la experiencia de un orientador escolar cuya trayectoria profesional ha estado marcada por la promulgación de cuatro leyes educativas que han supuesto una evolución en cuanto a la atención a la diversidad. De esta manera encontramos luces y sombras, avances y retrocesos, en un proceso complejo, y posiblemente nunca inacabado.&#xd;
 &#xd;
Abstract: Human diversity is a phenomenon that has grown and continues to grow exponentially in Spanish classrooms since the last quarter of the last century. Each of the educational laws that have passed have addressed in some way attention to diversity, from segregation, integration or inclusion. This research work, from a biographical-narrative perspective, presents the story of a counselor with recognized prestige and extensive experience, to explore with him the socio-historical evolution of the response to diversity from the 80s to the present. A story that, in part, is a living school, and that allows us to know and analyze the experience of a school counselor whose professional career has been marked by the enactment of four educational laws that have represented an evolution in terms of attention to diversity. In this way we find lights and shadows, advances and setbacks, in a complex process, and possibly never unfinished.</subfield>
   </datafield>
   <datafield ind1="8" ind2=" " tag="024">
      <subfield code="a">Moreno Parra, JJ, González Alba, B, &amp; Rivas Flores, JI (2024). Orientación Escolar, Integración e Inclusión. Un análisis desde la perspectiva biográfico-narrativa. REIDOCREA, 13(22), 305-316.</subfield>
   </datafield>
   <datafield ind1="8" ind2=" " tag="024">
      <subfield code="a">https://hdl.handle.net/10630/34912</subfield>
   </datafield>
   <datafield tag="653" ind2=" " ind1=" ">
      <subfield code="a">Educación inclusiva</subfield>
   </datafield>
   <datafield tag="653" ind2=" " ind1=" ">
      <subfield code="a">Investigación activa en educación</subfield>
   </datafield>
   <datafield ind2="0" ind1="0" tag="245">
      <subfield code="a">Orientación escolar, integración e inclusión. Un análisis desde la perspectiva biográfico-narrativa.</subfield>
   </datafield>
</record>
</metadata></record></GetRecord></OAI-PMH>